000 00517cam a2200181 a 4500
001 000003804
005 20200929150557.0
008 921117s1992 xxu 001 1 eng
020 _a0525934553
040 _aDO-SdBNP
_bspa
_cBNPHU
082 _a813.54
_bO11b
100 1 _aOates, Joyce Carol,
_d1938-
_911549
245 1 0 _aBlack water /
_cJoyce Carol Oates.
260 _aNew York :
_bDutton ,
_c1992.
300 _a154 p. ;
_c21 cm.
650 4 _aNovela estadounidense
_9262
650 4 _aLiteratura estadounidense
_9263
999 _c3626
_d3626